Finančná a kapitálová štruktúra podniku diplomová práca

Saved in:
Bibliographic Details
Main Author: Vallová, Katarína
Corporate Author: Fakulta podnikového manažmentu EU. Katedra podnikových financií
Other Authors: Polednáková, Anna, 1957-
Format: Book
Language:Slovak
Published: Bratislava 2012
Tags: Add Tag
No Tags, Be the first to tag this record!

MARC

LEADER 00000nbm a2200000 4500
001 0152539
005 20161109102044.1
041 0 |a slo 
044 |a SK 
245 1 0 |a Finančná a kapitálová štruktúra podniku  |b diplomová práca  |c Katarína Vallová ; školiteľ: Anna Polednáková 
264 1 |a Bratislava  |c 2012 
300 |a 78 s. 
100 1 |a Vallová, Katarína 
700 1 |a Polednáková, Anna, 1957- 
710 2 |a Fakulta podnikového manažmentu EU. Katedra podnikových financií